Word Ladder: Leave Them Kids Alone! Quiz Stats

Quiz Updated Jan 31, 2015

Challenge
Share
Tweet
Embed
Score 0/44 Timer 05:00
0 Plays Today
Hint 4-Letter Word % Correct
♪ Unwanted plant ♪WEED
96.2%
Wintry flakesSNOW
96%
Vader's son SkywalkerLUKE
95.5%
Tied part of ropeKNOT
95.3%
♪ Possess information ♪KNOW
94.8%
Property titleDEED
94.3%
Rabbit cousinHARE
94.1%
Cattle groupHERD
93.9%
♪ Must have ♪NEED
93.7%
Not thereHERE
93.7%
Cold weather garmentCOAT
93.5%
Sugar sourceCANE
93.4%
♪ Noggin ♪HEAD
93.3%
Large sand heapDUNE
93.3%
PriceCOST
93.3%
Provide nourishmentFEED
93.2%
Plaster for broken boneCAST
92.9%
♪ Univ. in Durham, NC ♪DUKE
92.8%
Huron or Superior, e.g.LAKE
92.8%
WarmthHEAT
92.2%
Protective footwearBOOT
92.1%
Meat dish thicker than soupSTEW
92.1%
Hint 4-Letter Word % Correct
Hamlet, by nationalityDANE
91.9%
Plant stalkSTEM
91.8%
Front of lower legSHIN
91.6%
Appear to beSEEM
90.9%
Goatee localeCHIN
90.9%
Fender bender resultDENT
90.5%
Black, powdery carbonSOOT
90.5%
Pack cargoSTOW
90.4%
Annoying, arrogant personSNOT
90.4%
Informal conversationCHAT
90.1%
Gravy serving implementBOAT
89.9%
Insect repellentDEET
89.8%
FlogBEAT
89.7%
Cod-like fishHAKE
89.5%
♪ ____ Western Reserve U. ♪CASE
88.3%
♪ Prohibitive contraction ♪DON'T
88.1%
Voucher of small debt CHIT
86.7%
Get along without helpFEND
85.5%
Tropical mahogany-like treeNEEM
85%
Arial, Tahoma, Verdana, e.g.FONT
84.5%
Affectionate, lovingFOND
83.5%
♪ To avoid ♪SHUN
82.5%

Today's Daily Dose

You're not logged in!

Compare scores with friends on all Sporcle quizzes.
Sign Up with Email
OR
Log In

You Might Also Like...

Show Comments

Extras

Top Quizzes Today


Score Distribution

Your Account Isn't Verified!

In order to create a playlist on Sporcle, you need to verify the email address you used during registration. Go to your Sporcle Settings to finish the process.